Mary Underwater (Record no. 260878)
[ view plain ]
| 000 -LEADER | |
|---|---|
| fixed length control field | 00239nam a22001097a 4500 |
| 020 ## - INTERNATIONAL STANDARD BOOK NUMBER | |
| ISBN | 9781419740800 |
| 100 ## - MAIN ENTRY--AUTHOR NAME | |
| Personal name | Shannon Doleski |
| 245 ## - TITLE STATEMENT | |
| Title | Mary Underwater |
| 260 ## - PUBLICATION, DISTRIBUTION, ETC. (IMPRINT) | |
| Place of publication | New York |
| Name of publisher | Amulet Books |
| Year of publication | 2020 |
| 300 ## - PHYSICAL DESCRIPTION | |
| Number of Pages | 219 pgs |
| 942 ## - ADDED ENTRY ELEMENTS (KOHA) | |
| Koha item type | Long Loan Books |
| Withdrawn status | Lost status | Collection code | Home library | Current library | Date acquired | Accession Number | Koha item type |
|---|---|---|---|---|---|---|---|
| Fiction | Rongo University Library | Rongo University Library | 12/10/2023 | CL20222383 | Long Loan Books |
